000 00966nas a2200325 4500
001 BR0702559
003 BR-BrBNA
005 20231205110802.0
007 ta
008 230509b bl.|||p| |||| 00| 00por d
040 _aBR-BrBNA
_bpor
_cBiblioteca Nacional de Agricultura
041 _a(En)
072 _aL72
100 1 _aLouly, C.C.B.
100 1 _aFonseca, I.N.
100 1 _aOliveira, V.F. de
100 1 _aLinhares, G.F.C.
100 1 _aMenezes, L.B. de
100 1 _aBorges, L.M.F.
245 1 _aSeasonal dynamics of Rhipicephalus sanguineus (Acari: Ixodidae)in dogs from a police unit in Goiânia, Goiás, Brazil
650 _aCÃO
650 _aCARRAPATO
650 _aINFESTAÇÃO
650 _aACARICIDA
650 _aVARIAÇÃO SAZONAL
650 _aGOIÁS
773 0 _tCiência Rural (Brazil)
_xISSN 0103-8478
_g(Mar-Apr 2007), v. 37(2) p. 464-469
_wBR0702559
909 _a202311
_bLúcia
_c55
_dLúcia Elande
942 _2AGRIS
_n0
_cANA
999 _c189052
_d189052